ბათუმის შოთა რუსთაველის სახელმწიფო უნივერსიტეტის ბიბლიოთეკა

დამხმარე სახელმძღვანელო სკოლის დირექტორებისათვის (ბიბ.ჩანაწერი № 34682)

000 -LEADER
fixed length control field 01010nam a2200229Ia 4500
001 - CONTROL NUMBER
control field 467
003 - CONTROL NUMBER IDENTIFIER
control field GE_BSU
008 - FIXED-LENGTH DATA ELEMENTS--GENERAL INFORMATION
fixed length control field 181216s||||||||xx |||||||||||||| ||und||
020 ## - INTERNATIONAL STANDARD BOOK NUMBER
International Standard Book Number 9789994069385
040 ## - CATALOGING SOURCE
Transcribing agency GE_BSU
080 ## - UNIVERSAL DECIMAL CLASSIFICATION NUMBER
Universal Decimal Classification number 371.1
245 ## - TITLE STATEMENT
Title დამხმარე სახელმძღვანელო სკოლის დირექტორებისათვის
245 ## - TITLE STATEMENT
Statement of responsibility, etc. სახელმძღვანელოზე მუშაობდნენ: გოგლიჩიძე ალუდა; კობახიძემაგდა; ლაცაბიძე გიორგი
260 ## - PUBLICATION, DISTRIBUTION, ETC.
Place of publication, distribution, etc. თბილისი
260 ## - PUBLICATION, DISTRIBUTION, ETC.
Date of publication, distribution, etc. 2011
300 ## - PHYSICAL DESCRIPTION
Extent 175გვ.
653 ## - INDEX TERM--UNCONTROLLED
Uncontrolled term დამხმარე სახელმძღვანელო სკოლის დირექტორებისათვის
653 ## - INDEX TERM--UNCONTROLLED
Uncontrolled term სკოლის დირექტორები;
653 ## - INDEX TERM--UNCONTROLLED
Uncontrolled term სკოლის მართვა
942 ## - ADDED ENTRY ELEMENTS (KOHA)
Koha item type წიგნი
ეგზემპლარები
Withdrawn status Lost status Damaged status Not for loan Date acquired Barcode Date last seen Price effective from Koha item type Public note
        2018-12-17 1544 2018-12-17 2018-12-17 წიგნი განათლებისა და მეცნ.ფაკ. დარბაზი